|
|
|
|
| LEADER |
00000nab a2200000 a 4500 |
| 001 |
vtls000068126 |
| 003 |
SK-MaSNL |
| 005 |
20260304064722.0 |
| 008 |
250422c1980 xo 0 slo |
| 015 |
|
|
|a SNBRB19rr/mm-uuuuu
|
| 035 |
|
|
|a CL0078226
|
| 035 |
|
|
|a urn:nbn:sk:snk-ab33jm
|
| 035 |
|
|
|a (urnnbn)urn:nbn:sk:snk:ar-a05srt
|
| 035 |
|
|
|a (uuid)c1e1969e-c014-4415-96c6-e4a00cd2189b
|
| 040 |
|
|
|a SNKBUCL
|b slo
|c SNKBUCL
|e AACR2
|
| 041 |
0 |
|
|a slo
|
| 044 |
|
|
|a xo
|c SK
|
| 080 |
|
|
|a 576.8
|2 1981
|
| 080 |
|
|
|a 595
|2 1981
|
| 080 |
|
|
|a 582.6/.9
|2 1981
|
| 100 |
1 |
|
|a Šály, Anton,
|d 1931-
|4 aut
|9 97913
|
| 245 |
1 |
0 |
|a Dynamics of free-living nematodes in rhizosphere of Alnus glutinosa
|c A. Šály
|
| 300 |
|
|
|b Obr. 1. Tb. 3. Res. rus., nem.
|
| 650 |
0 |
7 |
|a nematódy
|2 snkbucl
|9 989550
|
| 650 |
0 |
7 |
|a jelša lepkavá
|2 snkbucl
|9 87228
|
| 655 |
|
7 |
|a články z novín a časopisov
|2 snkbucl
|9 267496
|
| 773 |
0 |
|
|t Helminthologia
|g Roč. 17, č. 3 (1980), s. 207-217
|
| 850 |
|
|
|a Slovenská národná knižnica
|
| 852 |
|
|
|a Slovenská národná knižnica
|
| 954 |
|
|
|a odborná, vedecká literatúra pôvodná (slovenská)
|2 lita
|
| 958 |
|
|
|a article27
|
| 958 |
|
|
|a RK
|
| 958 |
|
|
|a ME
|
| 958 |
|
|
|a OND
|
| 958 |
|
|
|a EUIPO
|
| 992 |
|
|
|a RBX
|
| 999 |
|
|
|c 2747696
|d 2749626
|